00840 2200265 4500001002100000005001500021007000300036008004100039020002200080035002000102082001500122084002100137100002100158245013100179250000900310260003200319300005700351520002600408600001300434700003100447990002400478990002400502990002400526990002400550INLIS00000000000269520260601075536ta260601 g m ind  a978-979-29-6609-1 a0010-0620000068 a641.338.51 a641.338.51 MAR b0 aMaruli Pardamean1 aBest Management Practice Kelapa Sawit :bBest Management Practice Kelapa Sawit /cMaruli Pardamean; Editor: Th. Arie Prabawati aEd.1 a--Yogyakarta :bAndi,c2017 a278 hlm. :bilus. ;c23 cmeBibliografi, hlm 271-274 aTestimoni hal 277-279 4aBudidaya0 aEditor: Th. Arie Prabawati a34.505/DAK/DPK/2019 a34.506/DAK/DPK/2019 a34.507/DAK/DPK/2019 a34.508/DAK/DPK/2019